00522nam a2200193 a 4500001001300000003000900013005001700022008004100039020000900080082001700089100001900106245005400125260004300179300000900222500003500231505001000266650003300276700001900309nice12345678IN_TiNIC20260116012813.0050524s1981 dela grp 000 0 eng  ac6500a915.404bZAK aZaki, Muhammad aArab Accounts of Indiab During the 14th Centrury aDelhibIdarah-I Adabiyat-I Dellic1981 a137p aincludes index and biblioraphy2 aIndex aIndia-Description and Travel1 aZaki, Muhammad